DCEU - All Movies - Statistics

General Stats
  • This quiz has been taken 188 times
  • The average score is 24 of 37
Answer Stats
Year Movie % Correct
1989 Batman
98%
1978 Superman
97%
2025 Superman
97%
2008 The Dark Knight
89%
2017 Wonder Woman
88%
2013 Man Of Steel
86%
2023 The Flash
85%
2005 Batman Begins
84%
2017 Justice League
84%
2018 Aquaman
83%
2016 Batman v Superman: Dawn Of Justice
83%
2016 Suicide Squad
82%
2012 The Dark Knight Rises
82%
1980 Superman II
78%
1983 Superman III
76%
2020 Wonder Woman 1984
72%
1997 Batman & Robin
70%
2019 Shazam!
70%
1987 Superman IV: The Quest For Peace
70%
2021 The Suicide Squad
67%
1992 Batman Returns
64%
2022 The Batman
64%
1995 Batman Forever
62%
2023 Blue Beetle
55%
2019 Joker
55%
2020 Birds Of Prey: And The Fantabulous Emancipation Of One Harley Quinn
54%
2022 Black Adam
53%
2011 Green Lantern
53%
2023 Aquaman And The Lost Kingdom
49%
2006 Superman Returns
49%
2023 Shazam! Fury Of The Gods
48%
2024 Joker: Folie a Deux
33%
2004 Catwoman
30%
2009 Watchmen
24%
2005 Constantine
20%
2010 Jonah Hex
15%
2022 Batgirl
9%
No matching quizzes found
Score Distribution
Percent of People with Each Score
Percentile by Number Answered
Your Score History
You have not taken this quiz